000 00925cab a2200301 4500
001 ABS55022
008 090401t1996 xxu||||| |||| 00| 0 eng d
035 _a(Sirsi) u13650
041 _aeng
100 _aGriffiths, T.
245 _aLPA receivers tread a tightrope
260 _c1996
350 _a0
490 _aEstates Gazette
_v(9615) 13 April 1996, 94-95(2)
520 _aConsiders the powers and duties of the receiver under the Law of Property Act when they have been appointed to maintain the business so that it can be sold as a going concern.
650 _aABSOLUTE ASSIGNMENT
650 _aGOING CONCERN
650 _aGOODWILL
650 _aLAW OF PROPERTY ACT 1925 S109
650 _aLAW OF PROPERTY ACT RECEIVERS
650 _aPOWER TO TRADE
650 _aRECEIVERSHIP
650 _aTRADING
690 _aLAW
690 _aPROPERTY LAW AND PRACTICE
942 _n0
948 _c04/03/1997
999 _c8787
_d8787